[Event "Chigorin Memorial"]
[Site "St Petersburg RUS"]
[Date "2012.10.28"]
[Round "2.109"]
[White "Drachev, Oleg"]
[Black "Atabayeva, Ogulgerek"]
[Result "0-1"]
[WhiteElo "2220"]
[BlackElo "1990"]
[WhiteFideId "24193933"]
[BlackFideId "14001810"]
[EventDate "2012.10.27"]

1. e4 c5 2. Nf3 e6 3. Nc3 a6 4. g3 d6 5. Bg2 Qc7 6. a4 Nf6 7. O-O Be7 8. d3 Nc6
9. Ng5 h6 10. Nh3 O-O 11. f4 b6 12. g4 Nh7 13. g5 hxg5 14. Nxg5 Nxg5 15. fxg5
Ne5 16. Be3 Bb7 17. Qh5 Qd8 18. Bh3 Qe8 19. Qe2 d5 20. Bf4 Ng6 21. Bd2 Qd8 22.
Qg2 dxe4 23. dxe4 Nh4 24. Qe2 Bxg5 25. Bf4 Bxf4 26. Rxf4 Qd4+ 27. Rf2 Ng6 28.
Rd1 Nf4 29. Qf3 Nxh3+ 30. Qxh3 Qe5 31. Rdf1 Rad8 32. Qh4 Rd4 33. Re2 f5 34. Re3
Rf6 35. Rfe1 Rg6+ 36. Rg3 Rxg3+ 37. Qxg3 Qxg3+ 38. hxg3 Bxe4 39. Re2 Kf7 40. Kf2
Bc6 41. a5 bxa5 42. Ke1 Kf6 43. Rh2 Rd8 44. Rh4 Bb5 45. Na2 e5 46. Nc1 e4 47. b3
c4 0-1

[Event "Chigorin Memorial"]
[Site "St Petersburg RUS"]
[Date "2012.10.28"]
[Round "2.111"]
[White "Kuzmin, Arseniy"]
[Black "Klyuev, Alexander S."]
[Result "0-1"]
[WhiteElo "1982"]
[BlackElo "2218"]
[WhiteFideId "24150827"]
[BlackFideId "4194250"]
[EventDate "2012.10.27"]

1. e4 c5 2. Nc3 Nc6 3. g3 g6 4. Bg2 Bg7 5. d3 d6 6. Be3 Nf6 7. h3 Bd7 8. Nge2
Rb8 9. O-O O-O 10. d4 cxd4 11. Nxd4 Ne5 12. Qe2 b5 13. Nd5 Nc4 14. c3 Nxd5 15.
exd5 Nxe3 16. Qxe3 Re8 17. f4 Qb6 18. Nc2 Qxe3+ 19. Nxe3 b4 20. Nd1 bxc3 21.
bxc3 Rec8 22. Rc1 Rc5 23. Re1 Kf8 24. Kh2 Ba4 25. Re4 Bxd1 26. Rxd1 Bxc3 27. Ra4
Rb7 28. g4 h6 29. Rf1 Rb2 30. Rxa7 Rxd5 31. Rb1 Re2 32. Rb8+ Kg7 33. Rxe7 Rxa2
34. Rc7 Ba5 35. Rc1 Rdd2 36. Rg1 Bc3 37. Kg3 Bd4 38. Bd5 Ra3+ 39. Kh4 Bf2+ 0-1

[Event "Chigorin Memorial"]
[Site "St Petersburg RUS"]
[Date "2012.10.28"]
[Round "2.112"]
[White "Semenova, Irina"]
[Black "Ayvazyan, Nikita"]
[Result "1-0"]
[WhiteTitle "WGM"]
[WhiteElo "2216"]
[BlackElo "1973"]
[WhiteFideId "4118367"]
[BlackFideId "4177266"]
[EventDate "2012.10.27"]

1. e4 d5 2. exd5 Nf6 3. d4 Bg4 4. Be2 Bxe2 5. Nxe2 Qxd5 6. O-O Nc6 7. b3 O-O-O
8. c4 Qh5 9. Bb2 e6 10. Nd2 Be7 11. Nf3 Rd7 12. a3 Rhd8 13. Qc2 Qg4 14. b4 Qe4
15. Rac1 Bf8 16. b5 Qxc2 17. Rxc2 Nb8 18. Ne5 Re7 19. a4 Nbd7 20. Ng3 Nxe5 21.
dxe5 Nd7 22. Ne4 Nb6 23. a5 Na4 24. Bc1 Red7 25. Bg5 Re8 26. Be3 Bb4 27. g3 Red8
28. Bg5 Re8 29. Be3 Red8 30. Kg2 b6 31. axb6 axb6 32. Bg5 Re8 33. Ra1 1-0

[Event "Chigorin Memorial"]
[Site "St Petersburg RUS"]
[Date "2012.10.28"]
[Round "2.113"]
[White "Yakovlev, Yuri S."]
[Black "Syrchikov, Alexander"]
[Result "0-1"]
[BlackTitle "FM"]
[WhiteElo "1982"]
[BlackElo "2208"]
[WhiteFideId "4173929"]
[BlackFideId "4133358"]
[EventDate "2012.10.27"]

1. e4 c5 2. Nf3 d6 3. c4 Nc6 4. d4 cxd4 5. Nxd4 Nf6 6. Nc3 g6 7. Be2 Bg7 8. Be3
O-O 9. O-O Nxd4 10. Bxd4 Be6 11. Rc1 Rc8 12. b3 a6 13. Qd2 Nd7 14. f4 Bxd4+ 15.
Qxd4 Qb6 16. Qxb6 Nxb6 17. f5 Bd7 18. f6 Rce8 19. Rcd1 exf6 20. Rxd6 Bc6 21.
Rdxf6 Nd7 22. Rd6 Nc5 23. Bf3 Bxe4 24. Nxe4 Nxe4 25. Rd7 Nc5 26. Rc7 Rc8 27.
Rxc8 Rxc8 28. Bd5 Rc7 29. Rf6 Re7 30. Rb6 a5 31. Rb5 Nd3 32. h3 h5 33. h4 Kg7
34. Bxb7 f5 35. g3 Re1+ 36. Kg2 Re2+ 37. Kf3 Rxa2 38. c5 Rc2 39. c6 Nb4 40. Rxa5
Nxc6 41. Bxc6 Rxc6 42. Rb5 Kh6 43. Kf4 Rc1 44. Re5 Rf1+ 45. Ke3 f4+ 46. gxf4 Rh1
47. b4 Rxh4 48. b5 Rh1 49. b6 Rb1 50. Re6 Re1+ 0-1

[Event "Chigorin Memorial"]
[Site "St Petersburg RUS"]
[Date "2012.10.28"]
[Round "2.114"]
[White "Kondratiev, Denis"]
[Black "Denishev, Marat"]
[Result "1-0"]
[WhiteElo "1972"]
[BlackElo "2198"]
[WhiteFideId "4181220"]
[BlackFideId "24131563"]
[EventDate "2012.10.27"]

1. e4 c5 2. Nf3 d6 3. d4 cxd4 4. Nxd4 Nf6 5. Nc3 a6 6. a4 e5 7. Nf3 Qc7 8. Bg5
Be6 9. Bxf6 gxf6 10. Nd5 Bxd5 11. Qxd5 Nc6 12. c3 Ne7 13. Qb3 Bh6 14. Bc4 O-O
15. O-O Qc6 16. Rad1 Rad8 17. Bd5 Nxd5 18. Rxd5 Bg5 19. h4 Bh6 20. Nh2 Rc8 21.
Ng4 Bg7 22. Ne3 Rfd8 23. Qd1 Kh8 24. Nf5 Bf8 25. Qg4 Qc4 26. Rfd1 Qxa4 27. R5d3 1-0

[Event "Chigorin Memorial"]
[Site "St Petersburg RUS"]
[Date "2012.10.28"]
[Round "2.115"]
[White "Belenkaya, Dina"]
[Black "Bondarenko, Dmitry"]
[Result "1-0"]
[WhiteTitle "WFM"]
[WhiteElo "2189"]
[BlackElo "1971"]
[WhiteFideId "24142654"]
[BlackFideId "34105708"]
[EventDate "2012.10.27"]

1. e4 e5 2. Nf3 Nc6 3. Bb5 f5 4. d3 fxe4 5. dxe4 d6 6. Bc4 h6 7. Nc3 Nf6 8. Nh4
Bg4 9. f3 Bh5 10. Nf5 Qd7 11. g4 Bf7 12. Nd5 Nxd5 13. exd5 Ne7 14. Ne3 Ng6 15.
Nf5 Ne7 16. Qd3 Nxf5 17. gxf5 Be7 18. Be3 Bh4+ 19. Kd2 a6 20. Rag1 Bh5 21. Qe4
Qe7 22. Rg2 O-O-O 23. Rhg1 Bf6 24. Kc1 b5 25. Bb3 Kd7 26. c4 Ra8 27. Rc2 Rhb8
28. c5 Ke8 29. Kb1 Kf8 30. Rgc1 Be8 31. cxd6 cxd6 32. Rc7 Bd7 33. Qc2 Qf7 34.
Ba7 Re8 35. Qf2 Bg5 36. f4 Bxf4 37. R1c6 Bxf5+ 38. Ka1 Re7 39. Qb6 Rae8 40. Rxe7
Qxe7 41. Qf2 g5 42. Be3 Bd7 43. Rxa6 Kg7 44. Bc2 Rf8 45. a3 Rf7 46. Qe2 Bxe3 47.
Qxe3 Bc8 48. Rb6 Qc7 49. Rc6 Qd7 50. Qd3 Qf5 51. Qxb5 Qg4 52. Rxd6 Qg1+ 53. Ka2
Qxh2 54. Rg6+ Kf8 55. Qc5+ 1-0

[Event "Chigorin Memorial"]
[Site "St Petersburg RUS"]
[Date "2012.10.28"]
[Round "2.116"]
[White "Frolov, Lev"]
[Black "Golubov, Saveliy"]
[Result "0-1"]
[WhiteElo "1970"]
[BlackElo "2189"]
[WhiteFideId "4187571"]
[BlackFideId "24176729"]
[EventDate "2012.10.27"]

1. d4 Nf6 2. c4 e6 3. Nf3 d5 4. Nc3 Be7 5. Bg5 O-O 6. e3 b6 7. cxd5 exd5 8. Bd3
Bb7 9. Qc2 Nbd7 10. O-O h6 11. Bh4 c5 12. dxc5 bxc5 13. b3 Rc8 14. Rfd1 d4 15.
Ne2 dxe3 16. Bf5 exf2+ 17. Bxf2 Qc7 18. Bg3 Qc6 19. Nc3 Rcd8 20. Re1 Bd6 21. Bh4
Rfe8 22. Rad1 Rxe1+ 23. Rxe1 Re8 24. Rxe8+ Nxe8 25. Be4 Qc8 26. Nd5 Nb6 27. Ne3
Qe6 28. Bxb7 Qxe3+ 29. Bf2 Qe7 30. Ba6 Nc7 31. Bc4 Ncd5 32. Bxd5 Nxd5 33. Kf1 g5
34. g3 Qe6 35. Kg2 Nb4 36. Qd2 Nd5 37. Qd3 Nb4 38. Qd2 f5 39. a3 Nc6 40. Qc2 Qd5
41. Qc4 Qxc4 42. bxc4 Na5 43. Nd2 Kf7 44. Kf3 Nc6 45. a4 Ne5+ 46. Ke2 Ke6 47.
Nb3 Nxc4 48. Nxc5+ Bxc5 49. Bxc5 a6 50. Bf8 h5 51. h3 Kd5 52. g4 hxg4 53. hxg4
fxg4 54. Bh6 Nb6 55. Ke3 Nxa4 56. Bxg5 Nc5 57. Bf6 Ne6 58. Bc3 g3 59. Bf6 a5 60.
Kf3 Nf4 61. Be7 g2 62. Kf2 a4 63. Ba3 Ke5 64. Bf8 Kf5 65. Kg1 Kg4 66. Kh2 Kf3 0-1

[Event "Chigorin Memorial"]
[Site "St Petersburg RUS"]
[Date "2012.10.28"]
[Round "2.117"]
[White "Kiselev, Pavel"]
[Black "Velieva, Hurma"]
[Result "1/2-1/2"]
[WhiteElo "2188"]
[BlackElo "1966"]
[WhiteFideId "4191102"]
[BlackFideId "14002272"]
[EventDate "2012.10.27"]

1. e4 c5 2. Nf3 d6 3. d4 cxd4 4. Nxd4 Nf6 5. Nc3 a6 6. Be3 e6 7. Qd2 Be7 8. f3
Qc7 9. O-O-O Nbd7 10. g4 Ne5 11. g5 Nfd7 12. h4 b5 13. f4 Nc4 14. Bxc4 Qxc4 15.
b3 Qc7 16. Rhe1 Bb7 17. Bg1 Rc8 18. Nd5 exd5 19. exd5 Kd8 20. Nf5 Bf8 21. Qe2
Qa5 22. Kb1 Kc7 23. Qf2 g6 24. Ne7 Bg7 25. c3 Rce8 26. b4 Qa3 27. Re3 Nb6 28. c4
Qb2+ 29. Qxb2 Bxb2 30. c5 Nc4 31. Re2 Bc3 32. f5 gxf5 33. cxd6+ Kxd6 34. Bc5+
Kd7 35. Kc2 Be5 36. Nxf5 Bd6 37. Rf2 Rhf8 38. a4 Re5 39. Nxd6 Nxd6 40. Rf6 Ne4
41. Bxf8 Nxf6 42. gxf6 Bxd5 43. axb5 axb5 44. Kc3 Ke6 45. Kd4 Bc4 46. Ra1 Rd5+
47. Ke4 Rh5 48. Ra6+ Kd7 49. Ra7+ Kc6 50. Bc5 Rxh4+ 51. Ke5 Rh5+ 52. Kf4 Be6 53.
Ke4 Bf5+ 54. Kd4 Be6 55. Ra6+ Kd7 56. Rd6+ Ke8 57. Rb6 Bc4 58. Rb7 Kd8 59. Ra7
Rf5 60. Ke4 Rf1 61. Be7+ Kc8 62. Ke5 Rd1 63. Bc5 Re1+ 64. Kf5 Re2 65. Bd6 Rg2
66. Bf4 Rg1 67. Be3 Rg2 68. Ke5 Re2 69. Kd4 h5 70. Re7 Ra2 71. Kc5 Ra6 72. Bd4
h4 73. Be5 h3 74. Re8+ Kd7 75. Re7+ Kc8 76. Bd6 Kd8 77. Rb7 Kc8 78. Rc7+ Kd8 79.
Rb7 Kc8 80. Rc7+ Kd8 81. Re7 Kc8 82. Be5 Kd8 83. Bd6 Kc8 84. Re3 Kd7 85. Re7+
Kc8 1/2-1/2

[Event "Chigorin Memorial"]
[Site "St Petersburg RUS"]
[Date "2012.10.28"]
[Round "2.118"]
[White "Puzko, Danila"]
[Black "Nunez Lucero, Francisco"]
[Result "0-1"]
[WhiteElo "1957"]
[BlackElo "2186"]
[WhiteFideId "24153745"]
[BlackFideId "2214369"]
[EventDate "2012.10.27"]

1. e4 e6 2. d4 d5 3. e5 c5 4. c3 Nc6 5. Nf3 Qb6 6. Be2 Nh6 7. Bxh6 gxh6 8. Qd2
cxd4 9. cxd4 Bg7 10. O-O O-O 11. Nc3 f6 12. Rae1 fxe5 13. dxe5 Qb4 14. a3 Qf4
15. Qxf4 Rxf4 16. Bb5 Bd7 17. Bxc6 bxc6 18. Rc1 Bf8 19. Ne2 Rf7 20. Nd2 c5 21.
Nc3 Rb8 22. b3 Rf4 23. Rfd1 Be8 24. g3 Rf7 25. f4 c4 26. bxc4 Bxa3 27. Rb1 Rc8
28. Rb3 Bc5+ 29. Kg2 dxc4 30. Nxc4 Bc6+ 31. Kh3 Rf5 32. Nd6 Bxd6 33. Rxd6 Rh5+
34. Kg4 Rxh2 35. Nb5 Kf7 36. f5 Rg8+ 37. Kf4 Rf2+ 38. Ke3 Rf3+ 0-1

[Event "Chigorin Memorial"]
[Site "St Petersburg RUS"]
[Date "2012.10.28"]
[Round "2.120"]
[White "Aleksanyan, Gor"]
[Black "Torlopov, Nikita"]
[Result "0-1"]
[WhiteElo "1948"]
[BlackElo "2184"]
[WhiteFideId "13306626"]
[BlackFideId "4191722"]
[EventDate "2012.10.27"]

1. d4 Nf6 2. Nf3 e6 3. c4 d5 4. g3 dxc4 5. Bg2 Nc6 6. Qa4 Bb4+ 7. Bd2 Nd5 8.
Bxb4 Nxb4 9. O-O Rb8 10. Nc3 a6 11. Ne5 O-O 12. Nxc6 Nxc6 13. Bxc6 bxc6 14. Qxc4
Rxb2 15. Na4 Rb5 16. Rfd1 Qd6 17. a3 e5 18. dxe5 Qxe5 19. Rac1 Be6 20. Qxc6 Bb3
21. Nc5 Bxd1 22. Nd7 Qd5 23. Nxf8 Qxc6 24. Rxc6 Kxf8 25. Rxa6 Bxe2 26. Kg2 Rb3
27. Ra7 Bf3+ 28. Kh3 Rb6 29. g4 c5 30. a4 Rb7 31. Ra8+ Ke7 32. a5 Rc7 0-1

[Event "Chigorin Memorial"]
[Site "St Petersburg RUS"]
[Date "2012.10.28"]
[Round "2.121"]
[White "Balaian, Alina"]
[Black "Zakharov, Yuri"]
[Result "1-0"]
[WhiteTitle "WIM"]
[WhiteElo "2180"]
[BlackElo "1902"]
[WhiteFideId "24115347"]
[BlackFideId "4166620"]
[EventDate "2012.10.27"]

1. e4 d6 2. d4 Nf6 3. Nc3 g6 4. f4 Bg7 5. Nf3 c6 6. Bd3 O-O 7. O-O Qb6 8. Kh1
Bg4 9. a3 Nbd7 10. Be3 a5 11. h3 Bxf3 12. Qxf3 Qc7 13. e5 Ne8 14. Ne4 e6 15. a4
d5 16. Ng3 c5 17. c3 c4 18. Bc2 f6 19. Qe2 Qc6 20. h4 f5 21. h5 Kf7 22. Kg1 Nc7
23. Kf2 Rh8 24. Rh1 Rag8 25. Nf1 Bf8 26. g4 b6 27. Ng3 Qa8 28. Rh2 Bg7 29. Rah1
Qe8 30. Ke1 Ke7 31. Bf2 Kd8 32. Nf1 Kc8 33. Ne3 Kb7 34. b3 cxb3 35. Bxb3 Qe7 36.
Qc2 Ka7 37. Ke2 Na6 38. h6 Bf8 39. c4 Nb4 40. Qc3 dxc4 41. Qxc4 g5 42. fxg5 f4
43. Nc2 Nd5 44. Bh4 Rg6 45. Rh3 Nb8 46. Rc1 Qd7 47. Ne1 Be7 48. Nf3 Na6 49. Qc6
Qxc6 50. Rxc6 Nab4 51. Rc1 Kb7 52. Rhh1 Rc8 53. Rxc8 Kxc8 54. Rc1+ Kb7 55. Bc4
Ne3 56. Bb5 Ng2 57. Bd7 Nxh4 58. Nxh4 Rxg5 59. Bc8+ Kb8 60. Bxe6 Kb7 61. Kf3 Nd3
62. Rc3 Nxe5+ 63. dxe5 Rxe5 64. Bc8+ Kb8 65. Nf5 Bg5 66. Ba6 Re1 67. Rc8+ Ka7
68. Bb5 Re6 69. Rc7+ 1-0

[Event "Chigorin Memorial"]
[Site "St Petersburg RUS"]
[Date "2012.10.28"]
[Round "2.122"]
[White "Boytsov, Alexander"]
[Black "Marusenko, Petr"]
[Result "1/2-1/2"]
[BlackTitle "IM"]
[WhiteElo "1945"]
[BlackElo "2175"]
[WhiteFideId "24177113"]
[BlackFideId "14100606"]
[EventDate "2012.10.27"]

1. e4 c6 2. d4 d5 3. Nc3 dxe4 4. Nxe4 Bf5 5. Ng3 Bg6 6. Nf3 Nd7 7. Be2 e6 8. O-O
Qc7 9. Re1 Ngf6 10. c4 Bb4 11. Bd2 Bxd2 12. Qxd2 O-O 13. Nh4 Rfd8 14. Nxg6 hxg6
15. Qc3 Qf4 16. Qe3 g5 17. Rad1 Nb6 18. b3 Rd7 19. Rd3 Rad8 20. Red1 Nc8 21. Bf3
Nd6 22. h3 g6 23. Ne2 Qxe3 24. fxe3 Nde4 25. g4 a5 26. Kg2 e5 27. Bxe4 Nxe4 28.
Ng3 Nc5 29. R3d2 Kg7 30. Kf3 exd4 31. exd4 Ne6 32. Ne2 f5 33. gxf5 gxf5 34. d5
Kf6 35. Nc3 Nc7 36. Na4 cxd5 37. Nc5 Rh7 38. Nxb7 Rdh8 39. cxd5 Rxh3+ 40. Kf2 g4
41. Rg1 Nb5 42. d6 Nc3 43. Nc5 Ne4+ 44. Nxe4+ fxe4 45. Rdd1 Rf3+ 46. Ke1 g3 47.
d7 Rd8 48. Ke2 Kg5 49. Rgf1 Kf4 50. Rd4 Rxf1 51. Kxf1 Kf3 52. Rd6 e3 53. Rf6+
Ke4 54. Rd6 Ke5 55. Rd3 Kf4 56. Rd6 Ke4 57. Re6+ Kd3 58. Rd6+ Kc3 59. Rd1 Kc2
60. Rd5 Kb2 61. Kg2 Kxa2 62. Rxa5+ Kxb3 63. Re5 1/2-1/2

[Event "Chigorin Memorial"]
[Site "St Petersburg RUS"]
[Date "2012.10.28"]
[Round "2.123"]
[White "Kiseleva, Arina"]
[Black "Petrova, Irina"]
[Result "1/2-1/2"]
[WhiteTitle "WCM"]
[BlackTitle "WFM"]
[WhiteElo "1939"]
[BlackElo "2167"]
[WhiteFideId "4164989"]
[BlackFideId "14124122"]
[EventDate "2012.10.27"]

1. d4 Nf6 2. c4 g6 3. Nc3 Bg7 4. g3 O-O 5. Bg2 d6 6. Nf3 c6 7. O-O Nbd7 8. e4 e5
9. h3 Qb6 10. dxe5 dxe5 11. Qc2 Re8 12. Be3 Qc7 13. c5 Nf8 14. b4 Bd7 15. Rfd1
Rad8 16. Kh2 h6 17. Na4 g5 18. Nd2 Be6 19. Nb2 Ng6 20. Ndc4 Bf8 21. Qa4 Qb8 22.
Rxd8 Rxd8 23. Rd1 Rxd1 24. Qxd1 Ne8 25. Qd3 Be7 26. Qc3 Bf6 27. Nd3 Nf4 28. Bf1
Nxd3 29. Qxd3 Be7 30. Qc3 Bf6 31. Qd3 Be7 32. Qc3 Bf6 1/2-1/2

[Event "Chigorin Memorial"]
[Site "St Petersburg RUS"]
[Date "2012.10.28"]
[Round "2.125"]
[White "Shaydullina, Sandugach"]
[Black "Sladkov, Andrey"]
[Result "1-0"]
[WhiteTitle "WGM"]
[WhiteElo "2162"]
[BlackElo "1876"]
[WhiteFideId "4140389"]
[BlackFideId "24160350"]
[EventDate "2012.10.27"]

1. d4 Nf6 2. Nf3 d5 3. c4 c6 4. e3 e6 5. Bd3 Nbd7 6. O-O Be7 7. Nc3 dxc4 8. Bxc4
b5 9. Bd3 Bb7 10. Qe2 a6 11. Rd1 Qb6 12. a4 O-O 13. Bd2 Rfe8 14. e4 e5 15. dxe5
Ng4 16. e6 fxe6 17. e5 Bc5 18. Be1 Nf8 19. Ng5 Nh6 20. Qc2 g6 21. Nce4 Be7 22.
b4 Bxg5 23. Nxg5 Nf5 24. Ne4 Nd7 25. Bc3 Rad8 26. Qe2 Ne7 27. Qg4 Nd5 28. Bd4
Qc7 29. Nd6 Re7 30. Bxg6 hxg6 31. Qxg6+ Rg7 32. Qxe6+ Kf8 33. Ra3 Rxg2+ 34. Kf1
N7f6 35. Nxb7 Qxb7 36. Bc5+ Kg7 37. exf6+ Kh8 38. Rh3+ 1-0

[Event "Chigorin Memorial"]
[Site "St Petersburg RUS"]
[Date "2012.10.28"]
[Round "2.126"]
[White "Kantyshev, Nikita"]
[Black "Napalkov, Vladimir"]
[Result "1-0"]
[WhiteElo "1898"]
[BlackElo "2150"]
[WhiteFideId "4186737"]
[BlackFideId "4149424"]
[EventDate "2012.10.27"]

1. e4 c6 2. d4 d5 3. exd5 cxd5 4. Nc3 Nc6 5. Nf3 Bg4 6. h3 Bh5 7. Be2 e6 8. Bf4
Bb4 9. O-O Nf6 10. Ne5 Bxe2 11. Nxe2 O-O 12. c3 Be7 13. Nc1 Rc8 14. Ncd3 b5 15.
a4 a6 16. axb5 axb5 17. Qb3 Qb6 18. Nxc6 Rxc6 19. Nb4 Rc4 20. Nc2 Rfc8 21. Ra2
Qc6 22. Rfa1 Qe8 23. Ne3 g5 24. Bxg5 R4c7 25. Bf4 Rb7 26. Ra7 Rxa7 27. Rxa7 Ne4
28. Ng4 Kg7 29. f3 Nd6 30. Be5+ Kf8 31. Nf6 Bxf6 32. Bxf6 Qc6 33. Qa3 b4 34.
Qxb4 Kg8 35. Qa5 Nc4 36. Qa1 e5 37. Ra6 Qd7 38. Ra8 e4 39. Rxc8+ Qxc8 40. Qe1
exf3 41. gxf3 Nxb2 42. Qg3+ Kf8 43. Qd6+ Kg8 44. Qxd5 h6 45. Qe5 Qe6 46. Qg3+
Kf8 47. Qb8+ Qe8 48. Bg7+ Ke7 49. Qe5+ Kd7 50. Qb5+ Ke7 51. Qxb2 Qg8 52. Qb7+
Kd6 53. Qb6+ Kd7 54. Qf6 1-0

[Event "Chigorin Memorial"]
[Site "St Petersburg RUS"]
[Date "2012.10.28"]
[Round "2.127"]
[White "Pen, Pyotr"]
[Black "Kuvyrshin, Maksim"]
[Result "1-0"]
[WhiteElo "2150"]
[BlackElo "1865"]
[WhiteFideId "24129950"]
[BlackFideId "24177563"]
[EventDate "2012.10.27"]

1. e4 c5 2. Nf3 d6 3. d4 cxd4 4. Nxd4 Nf6 5. Nc3 g6 6. f3 Bg7 7. Be3 O-O 8. Qd2
Nc6 9. O-O-O d5 10. Kb1 a6 11. h4 Qc7 12. Nxd5 Nxd5 13. exd5 Ne5 14. h5 Nc4 15.
Bxc4 Qxc4 16. hxg6 fxg6 17. Bh6 Rf7 18. Bxg7 Kxg7 19. Qg5 Bd7 20. Rh4 Kg8 21.
Re4 Re8 22. Nc6 Qxe4 23. fxe4 bxc6 24. c4 cxd5 25. Qxd5 Bg4 26. Rd2 e6 27. Qg5
Bh5 28. g4 Rf1+ 29. Kc2 Rg1 30. Rd7 Bxg4 31. Qf6 Rg2+ 32. Kb3 Rb8+ 33. Ka3 1-0

[Event "Chigorin Memorial"]
[Site "St Petersburg RUS"]
[Date "2012.10.28"]
[Round "2.128"]
[White "Ivanov, Rostislav"]
[Black "Klevets, Ksenia"]
[Result "1-0"]
[WhiteTitle "FM"]
[WhiteElo "2146"]
[BlackElo "1861"]
[WhiteFideId "4160495"]
[BlackFideId "24157937"]
[EventDate "2012.10.27"]

1. e4 c5 2. Nf3 Nc6 3. d4 cxd4 4. Nxd4 g6 5. Nc3 Bg7 6. Be3 Nf6 7. Bc4 Na5 8.
Bb3 Nxb3 9. axb3 d5 10. e5 Ng4 11. e6 f5 12. Qf3 Nxe3 13. Qxe3 O-O 14. O-O f4
15. Qd3 Bxd4 16. Qxd4 f3 17. Rfe1 fxg2 18. Nxd5 b6 19. Rad1 Bb7 20. Qe5 Bxd5 21.
Rxd5 Qc8 22. Qe4 a5 23. Re3 Ra7 24. c3 Rc7 25. Qd4 Qa6 26. Kxg2 Qb7 27. Kg1 Rf6
28. Rf3 1-0

[Event "Chigorin Memorial"]
[Site "St Petersburg RUS"]
[Date "2012.10.28"]
[Round "2.129"]
[White "Shagdurov, Denis"]
[Black "Lutovinov, Alexander"]
[Result "1-0"]
[WhiteElo "1890"]
[BlackElo "2145"]
[WhiteFideId "24136735"]
[BlackFideId "34114758"]
[EventDate "2012.10.27"]

1. e4 e5 2. Nf3 Nc6 3. Bc4 Nf6 4. d3 d5 5. exd5 Nxd5 6. O-O Bg4 7. Re1 Qd6 8.
Nc3 Nxc3 9. bxc3 f6 10. h3 Bh5 11. a4 O-O-O 12. Qe2 Be7 13. Qe3 Qc5 14. Qe4 Bg6
15. Qg4+ Kb8 16. Ba3 Qa5 17. Reb1 Bxa3 18. Rxa3 Qc5 19. Rab3 b6 20. Nh4 f5 21.
Qg3 Qd6 22. Rb5 Rhe8 23. Nxg6 hxg6 24. Bf7 Rf8 25. Qxg6 a6 26. Rd5 Qxg6 27.
Rxd8+ Nxd8 28. Bxg6 Rf6 29. Bh5 e4 30. Re1 g6 31. Be2 Rc6 32. dxe4 fxe4 33. Bxa6
Ka7 34. Bb5 Rxc3 35. Rxe4 Rxc2 36. Rc4 Rxc4 37. Bxc4 Nc6 38. f4 Ne7 39. g4 Kb7
40. h4 Kc6 41. Kf2 Kc5 42. Bd3 Kd4 43. Bb1 c5 44. g5 c4 45. h5 gxh5 46. f5 Nc8
47. f6 Nd6 48. g6 Ke5 49. f7 1-0

[Event "Chigorin Memorial"]
[Site "St Petersburg RUS"]
[Date "2012.10.28"]
[Round "2.130"]
[White "Pischikov, Vadim"]
[Black "Ustich, Ekaterina"]
[Result "1-0"]
[WhiteElo "2143"]
[BlackElo "1857"]
[WhiteFideId "4100280"]
[BlackFideId "24179221"]
[EventDate "2012.10.27"]

1. d4 Nf6 2. c4 e6 3. Nc3 Bb4 4. e3 b6 5. Bd3 Bb7 6. f3 Bxc3+ 7. bxc3 d6 8. Ne2
O-O 9. O-O Nc6 10. e4 Ba6 11. Ng3 Na5 12. Qe2 Nd7 13. f4 f6 14. Rf3 Rf7 15. f5
e5 16. Nh5 Nf8 17. Rg3 Kh8 18. Qg4 Qd7 19. Bh6 g6 20. dxe5 dxe5 21. Rd1 Qe7 22.
Bxf8 Raxf8 23. fxg6 hxg6 24. Qxg6 Bc8 25. Rf1 Be6 26. Nxf6 Rxf6 27. Rxf6 Rxf6
28. Qh5+ Qh7 29. Qe8+ Bg8 30. Rh3 Qxh3 31. gxh3 Re6 32. Qh5+ Kg7 33. Kf2 Re7 34.
Qg5+ Kf8 35. Qh6+ Rg7 36. c5 Bxa2 37. cxb6 axb6 38. Ke3 Kg8 39. Qf6 Bc4 40. Qxe5
Bb3 41. Qe8+ Kh7 42. e5+ 1-0

[Event "Chigorin Memorial"]
[Site "St Petersburg RUS"]
[Date "2012.10.28"]
[Round "2.131"]
[White "Chistiakov, Mihail"]
[Black "Pogosian, Vladimir"]
[Result "0-1"]
[WhiteElo "1884"]
[BlackElo "2143"]
[WhiteFideId "24161217"]
[BlackFideId "13301586"]
[EventDate "2012.10.27"]

1. e4 g6 2. d4 Bg7 3. f4 c5 4. Nf3 cxd4 5. Nxd4 Nc6 6. Nxc6 bxc6 7. c3 Qb6 8.
Qb3 Nf6 9. Qxb6 axb6 10. e5 Nd5 11. Bc4 Nc7 12. O-O O-O 13. Nd2 d5 14. Bd3 e6
15. Nf3 Ba6 16. Bxa6 Rxa6 17. Be3 Rfa8 18. a3 c5 19. Rad1 Nb5 20. Rd2 Na7 21.
Rfd1 Ra4 22. g3 Nc6 23. Bf2 h6 24. h4 Bf8 25. Kg2 Na5 26. Rc2 Nc6 27. Be3 Be7
28. Bc1 Bf8 29. Be3 b5 30. Bf2 R4a6 31. Rdc1 Na5 32. Nh2 Nc4 33. Ng4 Kg7 34. Ne3
Na5 35. Nf1 Nc6 36. Nd2 Be7 37. Nb3 c4 38. Nd4 Na7 39. Rd1 f6 40. Re1 f5 41. Be3
Kf7 42. Rd1 Rg8 43. Nf3 Nc6 44. Nd4 Nxd4 45. Bxd4 Raa8 46. Rh1 Ke8 47. Rcc1 Kd7
48. Kf2 Rg7 49. Ke2 Kc6 50. Rcg1 Rag8 51. Kf3 g5 52. hxg5 hxg5 53. Kf2 gxf4 54.
gxf4 Rxg1 55. Rxg1 Rxg1 56. Kxg1 Bc5 57. Kf2 Bxd4+ 58. cxd4 b4 0-1

[Event "Chigorin Memorial"]
[Site "St Petersburg RUS"]
[Date "2012.10.28"]
[Round "2.132"]
[White "Naslund, Mikael"]
[Black "Mikhaylov, Dimitri"]
[Result "1-0"]
[WhiteTitle "FM"]
[WhiteElo "2142"]
[BlackElo "1854"]
[WhiteFideId "1708260"]
[BlackFideId "13901273"]
[EventDate "2012.10.27"]

1. d4 Nf6 2. c4 c5 3. d5 b5 4. cxb5 a6 5. e3 e6 6. dxe6 fxe6 7. Nc3 d5 8. Nf3
Bd6 9. Be2 O-O 10. O-O Qb6 11. b3 Bd7 12. a4 axb5 13. Nxb5 Be7 14. Ne5 Be8 15.
Bb2 Nc6 16. Rc1 Ne4 17. Nxc6 Bxc6 18. Bd3 Bf6 19. Bxf6 Nxf6 20. Qc2 Bxb5 21.
Bxb5 Rfc8 22. Rfd1 Ra7 23. Qb2 Ne4 24. Qe5 Rf7 25. f3 Rf5 26. Qb2 Nd6 27. Bd7
Nc4 28. Qc3 Rc7 29. Bxe6+ Qxe6 30. bxc4 Qg6 31. cxd5 Rxf3 32. Qe5 Rc8 33. d6 Rf5
34. d7 Rd8 35. Qe7 Qb6 36. Rf1 Rff8 37. Rxf8+ Rxf8 38. Qxc5 Qf6 39. h3 h6 40.
Qxf8+ Kxf8 41. Rf1 Qxf1+ 42. Kxf1 Ke7 43. a5 Kxd7 44. e4 Kd6 45. a6 Kc6 46. e5 1-0

[Event "Chigorin Memorial"]
[Site "St Petersburg RUS"]
[Date "2012.10.28"]
[Round "2.133"]
[White "Aleksandrov, Grigoriy"]
[Black "Menkov, Aleksandr"]
[Result "0-1"]
[WhiteElo "1871"]
[BlackElo "2142"]
[WhiteFideId "24199656"]
[BlackFideId "24160326"]
[EventDate "2012.10.27"]

1. d4 Nf6 2. c4 g6 3. Nc3 Bg7 4. g3 O-O 5. Bg2 d6 6. e4 Nc6 7. Nge2 e5 8. d5 Na5
9. Qd3 c5 10. dxc6 bxc6 11. Be3 Be6 12. b3 Ng4 13. Rd1 Nxe3 14. Qxe3 Nb7 15. O-O
Qb6 16. Qxb6 axb6 17. f4 f6 18. f5 Bf7 19. g4 b5 20. cxb5 cxb5 21. Rd2 Bh6 22.
Rb2 b4 23. Na4 Be8 24. Nb6 Be3+ 0-1